Geografía por letra - W - Estadísticas

Estadísticas generales
  • Esta prueba ha sido intentada 3.031 veces
  • La puntuación promedio es 10 de 16
Estadísticas de respuestas
Pista Respuesta % Correcto
Capital de los Estados Unidos Washington D.C.
100%
Capital de Nueva Zelanda Wellington
86%
Un estado de los EE.UU. que toca los Grandes Lagos Wisconsin
82%
Donde Napoleón se encontró con su derrota final Waterloo
76%
El nombre alemán de Viena Wien
76%
El distrito de Londres y el anfitrión de un gran torneo de tenis Wimbledon
74%
El estado menos poblado de los EE.UU. Wyoming
72%
El mayor estadio de Inglaterra Wembley
61%
La ciudad más poblada de China central Wuhan
55%
El apellido chino más común Wáng
53%
Capital de Namibia Windhoek
52%
La parte de Londres donde se encuentra el Parlamento Westminster
51%
El territorio francés en el Pacífico Sur {Wallis} y Futuna
47%
Capital de Manitoba Winnipeg
30%
La famosa playa de Honolulu Waikiki
29%
La ciudad irlandesa famosa por el cristal Waterford
13%
No se encontraron pruebas coincidentes
Distribución de puntuación
Porcentaje de gente con cada puntuación
Porcentaje por número respondido
Historial de tus puntuaciones
No has intentado esta prueba.